Score 0/30 Timer 10:00
0 Plays Today
Question Answer % Correct
Who directed Titanic and Avatar?James Cameron
96.2%
How many dwarfs appear in Snow White?Seven
94.9%
Robert Downey Jr. is best know for playing which superhero?Iron Man
92.9%
What famous boxer cameos in The Hangover? Mike Tyson
86.7%
What object does Smeagol call his 'precious'?Ring
83.4%
What is the title of the first Pirates of the Caribbean?Pirates of the Caribbean: The Curse of the Black Pearl
76.3%
Which actress made her d├ębut in E.T?Drew Barrymore
73.8%
What speed must the DeLorean reach to time travel?88mph
69.2%
Which actor plays Clark Griswold? Chevy Chase
55.6%
What is Val Kilmer's nickname in Top Gun?Iceman
54.9%
What is the name of Jafar's parrot in Aladdin?Iago
45.4%
Which Bond actor starred in On Her Majesty's Secret Service?George Lazenby
45%
What is Jack's surname in The Nightmare Before Christmas?Skellington
44.6%
What is the name of Uma Thurman's character in Kill Bill?Beatrix Kiddo
41.3%
What is the name of Princess Leias' home planet?Alderaan
39.2%
Question Answer % Correct
Which movie is credited as the first American movie ever to show a toilet flushing on screen?Psycho
38.7%
Who is Flash Gordon's enemy?Ming the Merciless
30.3%
What animal is fleeing at the start of City of God?A Chicken
20.8%
Who plays Indiana Jones' assistant at the start of Raiders of the Lost Ark?Alfred Molina
18.5%
What is the name of the fictional action-hero in Big Daddy?Scuba-Steve
17.6%
In the Hugh Jackman movie Van Helsing, which literary character falls from a tower in the beginning? Mr. Hyde
17.2%
Which actor appears in the British and US versions of Death at a Funeral?Peter Dinklage
16.8%
Jim Carrey plays which character in Kick-Ass 2?Colonel Stars and Stripes
12.3%
What word is misspelled, and then corrected on the envelope in The Departed?Citizens (Cittizins)
10.2%
What is the name of Hank Azaria's character in Mystery Men?The Blue Raja
9.3%
Who is the voice of Chick-Hicks in Cars?Michael Keaton
8.3%
How many toothpicks fall on the floor in Rain Man?Eighty-two
7.9%
Which actor plays Tom Powers in The Public Enemy?James Cagney
6.5%
Who is the level 1 dreamer in Inception?Yusuf
3.2%
In what order are the 7 sins revealed in Se7en?Greed, Gluttony, Sloth, Lust, Pride, Envy, Wrath
0.9%
Remove Ads.
Support Sporcle.
Get the best of Sporcle when you Go Orange. This ad-free experience offers more features, more stats, and more fun while also helping to support Sporcle. Thank you for becoming a member.

You're not logged in!

Compare scores with friends on all Sporcle quizzes.
OR
Log In

Show Comments

Extras

Top Quizzes Today


Score Distribution

Your Account Isn't Verified!

In order to create a playlist on Sporcle, you need to verify the email address you used during registration. Go to your Sporcle Settings to finish the process.

Report this User

Report this user for behavior that violates our Community Guidelines.

Details: